Footballers With Most International Goals at FIFA World Cup 2022 A-Z - Statistics

General Stats
  • This quiz has been taken 584 times
  • The average score is 17 of 25
Answer Stats
Letter Goals Country Answer % Correct
R 117 Portugal Cristiano Ronaldo
96%
B 40 Wales Gareth Bale
95%
M 91 Argentina Lionel Messi
95%
N 75 Brazil Neymar
93%
K 51 England Harry Kane
92%
S 68 Uruguay Luis Suárez
92%
L 76 Poland Robert Lewandowski
90%
C 58 Uruguay Edinson Cavani
85%
G 49 France Olivier Giroud
83%
E 39 Denmark Christian Eriksen
81%
X 12 Switzerland Granit Xhaka
78%
H 33 Belgium Eden Hazard
77%
P 32 Croatia Ivan Perišić
74%
D 42 Netherlands Memphis Depay
74%
V 37 Ecuador Enner Valencia
73%
Z 18 Morocco Hakim Ziyech
65%
T 28 Iran Mehdi Taremi
64%
F 11 Portugal Bruno Fernandes
61%
U 1 France Dayot Upamecano
54%
J 29 Mexico Raúl Jiménez
54%
W 12 Belgium Axel Witsel
47%
I 9 Japan Junya Ito
38%
A 42 Qatar Almoez Ali
35%
Y 12 Japan Maya Yoshida
18%
O 7 Canada Jonathan Osorio
8%
No matching quizzes found
Score Distribution
Percent of People with Each Score
Percentile by Number Answered
Your Score History
You have not taken this quiz